Physical Pharmaceutics-II (Record no. 13435)
[ view plain ]
| 000 -LEADER | |
|---|---|
| fixed length control field | 00412nam a22001697a 4500 |
| 003 - CONTROL NUMBER IDENTIFIER | |
| control field | OSt |
| 008 - FIXED-LENGTH DATA ELEMENTS--GENERAL INFORMATION | |
| fixed length control field | 250425b |||||||| |||| 00| 0 eng d |
| 020 ## - INTERNATIONAL STANDARD BOOK NUMBER | |
| International Standard Book Number | 9789384266523 |
| 082 ## - DEWEY DECIMAL CLASSIFICATION NUMBER | |
| Classification number | 615.19 BHP |
| 100 ## - MAIN ENTRY--PERSONAL NAME | |
| Personal name | Bhaskaran, Shyamala |
| 245 ## - TITLE STATEMENT | |
| Title | Physical Pharmaceutics-II |
| 260 ## - PUBLICATION, DISTRIBUTION, ETC. (IMPRINT) | |
| Place of publication, distribution, etc | Delhi |
| Name of publisher, distributor, etc | Birla |
| Date of publication, distribution, etc | 2025 |
| 300 ## - PHYSICAL DESCRIPTION | |
| Extent | x,214 |
| 650 ## - SUBJECT ADDED ENTRY--TOPICAL TERM | |
| Topical term or geographic name as entry element | Physical pharmaceutics-II |
| 700 ## - ADDED ENTRY--PERSONAL NAME | |
| Personal name | Lakshami, P.K |
| 942 ## - ADDED ENTRY ELEMENTS (KOHA) | |
| Source of classification or shelving scheme | Dewey Decimal Classification |
| Koha item type | Text Books |
| Withdrawn status | Lost status | Source of classification or shelving scheme | Damaged status | Not for loan | Collection code | Home library | Current library | Date acquired | Source of acquisition | Currency | Cost, normal purchase price | Bill Number | Total Checkouts | Full call number | Acc. no. / Barcode | Date last seen | Actual Cost, discounted price | Bill Date | Koha item type | Date last borrowed |
|---|---|---|---|---|---|---|---|---|---|---|---|---|---|---|---|---|---|---|---|---|
| Dewey Decimal Classification | B.Pharma | PIET C-LIBRARY | PIET C-LIBRARY | 15/04/2025 | Zafaa Books Distributres | Rs | 250.00 | ZBD0026 | 615.19 BHP | BP2764 | 25/04/2025 | 175.00 | 11/04/2025 | Reference Books | ||||||
| Dewey Decimal Classification | B.Pharma | PIET C-LIBRARY | PIET C-LIBRARY | 15/04/2025 | Zafaa Books Distributres | Rs | 250.00 | ZBD0026 | 1 | 615.19 BHP | BP2765 | 09/10/2025 | 175.00 | 11/04/2025 | Text Books | 30/09/2025 | ||||
| Dewey Decimal Classification | B.Pharma | PIET C-LIBRARY | PIET C-LIBRARY | 15/04/2025 | Zafaa Books Distributres | Rs | 250.00 | ZBD0026 | 2 | 615.19 BHP | BP2766 | 25/05/2026 | 175.00 | 11/04/2025 | Text Books | 20/05/2026 |